|
|
|
|
| LEADER |
00000nam a2200000 a 4500 |
| 001 |
vtls008346562 |
| 003 |
SK-MaSNL |
| 005 |
20260302062222.0 |
| 008 |
190102s1974 xo 000 hun |
| 015 |
|
|
|a SKSNBA1974/05-01341
|
| 020 |
|
|
|q (viaz.)
|
| 035 |
|
|
|a SK01SNK19740038779
|
| 035 |
|
|
|a SKM000041242
|
| 040 |
|
|
|a SNK
|b slo
|c SNK
|e AACR2
|
| 041 |
1 |
|
|a hun
|h cze
|
| 044 |
|
|
|a xo
|c SK
|
| 080 |
|
|
|a 914(075.2)=945.11
|2 1981
|
| 100 |
1 |
|
|a Stejskal, Antonín,
|d narodený 1909
|4 aut
|9 239478
|
| 240 |
1 |
0 |
|a Zeměpis
|l Maďarsky
|
| 245 |
1 |
0 |
|a Földrajz
|b a kilencéves alapiskolák 7. osztálya számára
|c szerzűk: Antonín Stejskal (1.-4. fejezet) és František Krpal (7. fejezet és táblázatok) ; [a cseh mű ered. címe: Zeměpis ... ] ford. Balogh Zoltán és *llűs Árpád ; ilustr. Peter Landr
|
| 250 |
|
|
|a 5. kiad.
|
| 260 |
|
|
|a Bratislava
|b Slovenské pedagogické nakladateľstvo
|c 1974
|e Košice
|f Východoslovenské tlačiarne
|
| 300 |
|
|
|a 219, [3] s.
|b ilustr.
|c 8°
|
| 366 |
|
|
|e 10000 výtl.
|
| 650 |
0 |
7 |
|a geografia
|2 SNKPH
|9 823
|
| 651 |
|
7 |
|a Európa
|2 SNKPHgeo
|9 167569
|
| 655 |
|
7 |
|a učebnice základných škôl
|2 SNKPH
|9 70187
|
| 700 |
1 |
|
|a Krpal, František
|4 aut
|9 61143
|
| 700 |
1 |
|
|a Balogh, Zoltán
|4 trl
|9 343817
|
| 700 |
1 |
|
|a Öllős, Árpád
|4 trl
|9 343818
|
| 700 |
1 |
|
|a Landr, Petr
|4 ill
|9 308178
|
| 730 |
|
|
|a Zeměpis
|9 345367
|
| 852 |
|
|
|a Slovenská národná knižnica
|
| 958 |
|
|
|a RK
|
| 958 |
|
|
|a OND
|
| 958 |
|
|
|a OP
|
| 958 |
|
|
|a CZ
|
| 958 |
|
|
|a UX
|
| 999 |
|
|
|c 1128413
|d 1130343
|
| 952 |
|
|
|a SNK
|b SNK
|y PREZ
|7 0
|o snkSC 33695
|0 0
|1 0
|4 0
|d 2024-02-01
|l 0
|r 2026-02-24 18:53:16
|w 2026-02-24
|
| 952 |
|
|
|a SNK
|b SNK
|y VYP
|7 0
|o snkSC 33695 D1
|0 0
|1 0
|4 0
|d 2024-02-01
|l 0
|r 2026-02-24 18:53:17
|w 2026-02-24
|